Statistics for Swedish City Nicknames

Click here to take the quiz!

General Stats

  • This quiz has been taken 39 times
  • The average score is 7 of 14

Answer Stats

NicknameTown% Correct
Lilla LondonGöteborg
79%
Nordens venedig, MälardrottningenStockholm
75%
Björkarnas stadUmeå
71%
PolkagrisstadenGränna
68%
PekingNorrköping
61%
TextilstadenBorås
54%
Smålands Jerusalem, TändsticksstadenJönköping
54%
Sundets pärlaHelsingborg
39%
Palmernas stadTrelleborg
36%
Rosornas stad, Ruinernas stadVisby
36%
SolstanKarlstad
32%
Världens ändeTrosa
32%
Parkernas stadMalmö
29%
Sveriges reservhuvudstadKarlsborg
18%

Score Distribution

Percentile by Number Answered

Percent of People with Each Score

Your Score History

You have not taken this quiz